<?xml version="1.0" encoding="UTF-8"?><marc:collection xmlns:marc="http://www.loc.gov/MARC21/slim">
  <marc:record>
    <marc:leader>00000nas  2200000za 4500</marc:leader>
    <marc:controlfield tag="001">9.502464</marc:controlfield>
    <marc:controlfield tag="003">CaOODSP</marc:controlfield>
    <marc:controlfield tag="005">20221107133115</marc:controlfield>
    <marc:controlfield tag="007">cr |||||||||||</marc:controlfield>
    <marc:controlfield tag="008">150406d19972001oncqr p o    f0   b0fre|d</marc:controlfield>
    <marc:datafield tag="022" ind1=" " ind2=" ">
      <marc:subfield code="a">1497-1267</marc:subfield>
    </marc:datafield>
    <marc:datafield tag="040" ind1=" " ind2=" ">
      <marc:subfield code="a">CaOODSP</marc:subfield>
      <marc:subfield code="b">fre</marc:subfield>
    </marc:datafield>
    <marc:datafield tag="043" ind1=" " ind2=" ">
      <marc:subfield code="a">n-cn---</marc:subfield>
    </marc:datafield>
    <marc:datafield tag="086" ind1="1" ind2=" ">
      <marc:subfield code="a">RG79-3F-PDF</marc:subfield>
    </marc:datafield>
    <marc:datafield tag="130" ind1="0" ind2=" ">
      <marc:subfield code="a">Nouvelle (Canada. Conseil d'examen du prix des médicaments brevetés : En ligne)</marc:subfield>
    </marc:datafield>
    <marc:datafield tag="222" ind1=" " ind2="0">
      <marc:subfield code="a">Nouvelle - Canada. Conseil d'examen du prix des médicaments brevetés </marc:subfield>
      <marc:subfield code="b">(En ligne) </marc:subfield>
    </marc:datafield>
    <marc:datafield tag="245" ind1="1" ind2="3">
      <marc:subfield code="a">La nouvelle </marc:subfield>
      <marc:subfield code="h">[ressource électronique]. </marc:subfield>
    </marc:datafield>
    <marc:datafield tag="260" ind1=" " ind2=" ">
      <marc:subfield code="a">[Ottawa] : </marc:subfield>
      <marc:subfield code="b">Conseil d'examen du prix des médicaments brevetés, </marc:subfield>
      <marc:subfield code="c">[1997-2001]</marc:subfield>
    </marc:datafield>
    <marc:datafield tag="310" ind1=" " ind2=" ">
      <marc:subfield code="a">Trimestriel, </marc:subfield>
      <marc:subfield code="b">janv. 1999-oct. 2001</marc:subfield>
    </marc:datafield>
    <marc:datafield tag="321" ind1=" " ind2=" ">
      <marc:subfield code="a">Semestriel, </marc:subfield>
      <marc:subfield code="b">juil. 1997-oct. 1998</marc:subfield>
    </marc:datafield>
    <marc:datafield tag="362" ind1="1" ind2=" ">
      <marc:subfield code="a">Paraît depuis vol. 1, no. 1 (juil. 1997); ne paraît plus après vol. 5, no. 4 (oct. 2001).</marc:subfield>
    </marc:datafield>
    <marc:datafield tag="500" ind1=" " ind2=" ">
      <marc:subfield code="a">« Cette publication à été conçue pour vous fournir les dernières informations sur les tendances des prix des médicaments et sur les activités du CEPMB »--Page 1.</marc:subfield>
    </marc:datafield>
    <marc:datafield tag="500" ind1=" " ind2=" ">
      <marc:subfield code="a">Publ. aussi en anglais sous le titre : Newsletter.</marc:subfield>
    </marc:datafield>
    <marc:datafield tag="520" ind1="3" ind2=" ">
      <marc:subfield code="a">Cette publication à été conçue pour vous fournir les dernières informations sur les tendances des prix des médicaments et sur les activités du CEPMB.--Page 1</marc:subfield>
    </marc:datafield>
    <marc:datafield tag="692" ind1="0" ind2="7">
      <marc:subfield code="2">gccst</marc:subfield>
      <marc:subfield code="a">Médicament breveté</marc:subfield>
    </marc:datafield>
    <marc:datafield tag="710" ind1="1" ind2=" ">
      <marc:subfield code="a">Canada. </marc:subfield>
      <marc:subfield code="b">Conseil d'examen du prix des médicaments brevetés.</marc:subfield>
    </marc:datafield>
    <marc:datafield tag="775" ind1="0" ind2="8">
      <marc:subfield code="t">Newsletter </marc:subfield>
      <marc:subfield code="w">(CaOODSP)9.506062</marc:subfield>
    </marc:datafield>
    <marc:datafield tag="776" ind1="0" ind2="#">
      <marc:subfield code="t">La nouvelle </marc:subfield>
      <marc:subfield code="w">(CaOODSP)9.508663</marc:subfield>
    </marc:datafield>
    <marc:datafield tag="785" ind1="0" ind2="0">
      <marc:subfield code="t">CEPMB, la nouvelle. </marc:subfield>
      <marc:subfield code="w">(CaOODSP)9.501795</marc:subfield>
    </marc:datafield>
  </marc:record>
</marc:collection>
